Catalogo

La redefinición de la seguridad hemisférica, a propósito de Colombia y las nuevas amenazas (Registro nro. 13822)

Detalles MARC
000 -LEADER
fixed length control field 00653nam a2200229Ia 4500
005 - DATE AND TIME OF LATEST TRANSACTION
control field 20251006225603.0
008 - FIXED-LENGTH DATA ELEMENTS--GENERAL INFORMATION
fixed length control field 251006t2000||||xx |||||||||||||| ||und||
040 ## - CATALOGING SOURCE
Original cataloging agency CBC
100 ## - MAIN ENTRY--PERSONAL NAME
Personal name Soberón Garrido, Ricardo
245 ## - TITLE STATEMENT
Title La redefinición de la seguridad hemisférica, a propósito de Colombia y las nuevas amenazas
300 ## - PHYSICAL DESCRIPTION
Extent p. 58-65
650 ## - SUBJECT ADDED ENTRY--TOPICAL TERM
Topical term or geographic name entry element CONFLICTOS SOCIALES
650 ## - SUBJECT ADDED ENTRY--TOPICAL TERM
Topical term or geographic name entry element GUERRA
650 ## - SUBJECT ADDED ENTRY--TOPICAL TERM
Topical term or geographic name entry element INTERVENCION EXTRANJERA
650 ## - SUBJECT ADDED ENTRY--TOPICAL TERM
Topical term or geographic name entry element MEDIOS DE COMUNICACION
650 ## - SUBJECT ADDED ENTRY--TOPICAL TERM
Topical term or geographic name entry element PODER POLITICO
650 ## - SUBJECT ADDED ENTRY--TOPICAL TERM
Topical term or geographic name entry element POLITICA INTERNACIONAL
650 ## - SUBJECT ADDED ENTRY--TOPICAL TERM
Topical term or geographic name entry element SIGLO XX
651 ## - SUBJECT ADDED ENTRY--GEOGRAPHIC NAME
Geographic name COLOMBIA
773 ## - HOST ITEM ENTRY
Main entry heading Quehacer No. 123 (2000)
942 ## - ADDED ENTRY ELEMENTS (KOHA)
Catalogador MJCh

No hay ítems disponibles.

Dirección

Pasaje Pampa de La Alianza 164 / Cusco, Cusco, Perú 08001

Horario de atención

Lunes a Viernes
Turno mañana:  9:00am - 1:00pm
Turno tarde:  3:00pm - 6:00pm



Teléfonos

Fijo: +5184245415 / Movil: +51974943010